00421nam a2200157Ia 450000500170000000800460001703700120006304000200007504100130009508400200010810000240012824500390015226000430019130000150023436500140024920250923145203.0008 250917s9999 xx 000 0 eng d aTextual aDSWLbengcDSWL aeng2eng aY, N69;10qDSWL aDavid, Kingsley  0aHuman Soceitycby Kingsley David  aNew Yorkb Macmillan Co. c1969 axiv,655p.  aUSDb2.95